• 首页
  • 本馆介绍
  • 公告通知
  • 最新文献
  • 馆藏检索
  • 电子资源
  • 读者导购
  • 参考咨询
  • 我的图书馆
  • 登录
  • 详细信息显示
  • 放入我的书架
  • 预约/预借图书
  • 作者相关作品
  • 分类相关作品
  • 丛书相关作品
  • 出版社相关作品

书目信息

  • 表格格式
  • 工作单格式
  • 卡片格式
题名:
新型干法水泥厂设备管理与维修手册
    
 
作者: 熊会思 , 熊然 编著
分册:  
出版信息: 北京   建材  2011.1
页数: 570页
开本: 24cm
丛书名:
单 册:
中图分类: TQ172.6-62
科图分类:
主题词:
电子资源:
ISBN: 978-7-80227-551-5
000 00919nam0 2200217 450
001 1029
005 20161008083640.84
010    @a978-7-80227-551-5@dCNY78.00
092    @aCN@b0002918175
100    @a20101202d2011 em y0chiy0110 ea
101 0  @achi
105    @ay z 000yy
200 1  @a新型干法水泥厂设备管理与维修手册@9xin xing gan fa shui ni chang she bei guan li yu wei xiu shou ce@f熊会思、熊然编著
210    @a北京@c建材@d2011.1
215    @a570页@d24cm
330    @a本书分为五章:新型干法水泥厂组织机构及职责、新型干法水泥厂设备的前期管理、新型干法水泥厂设备安装和试运转、新型干法水泥厂的设备维修系统、新型干法水泥厂关键设备故障修复。本书图文并茂、内容详实、数据准确、通俗易懂。本书注重实用性、理论联系实际、理论与经验溶通。
690    @aTQ172.6-62@v4
701  0 @a熊会思@9xiong hui si@4编著
701  0 @a熊然@9xiong ran@4编著
801  0 @aCN@b唐山师范学院图书馆@c20160830
905    @aZUCC@dTQ172.6-62@e38
    
    新型干法水泥厂设备管理与维修手册/熊会思、熊然编著.-北京:建材,2011.1
    570页;24cm
    
    
    ISBN 978-7-80227-551-5:CNY78.00
    本书分为五章:新型干法水泥厂组织机构及职责、新型干法水泥厂设备的前期管理、新型干法水泥厂设备安装和试运转、新型干法水泥厂的设备维修系统、新型干法水泥厂关键设备故障修复。本书图文并茂、内容详实、数据准确、通俗易懂。本书注重实用性、理论联系实际、理论与经验溶通。
●
相关链接 在E读中查询图书 在五车中查询图书 在当当中查询图书 在豆瓣中查询图书


正题名:新型干法水泥厂设备管理与维修手册     索取号:TQ172.6-62/38         预约/预借

序号 登录号 条形码 馆藏地/架位号 状态 备注
1 906627   209066277   第二样本阅览室/ [索取号:TQ172.6-62/38] 在馆    
2 906628   209066286   第三借阅区/ [索取号:TQ172.6-62/38] 在馆    
3 906629   209066295   第三借阅区/ [索取号:TQ172.6-62/38] 在馆    
唐山师范学院图书馆 欢迎您!
大连网信软件有限公司© 版权所有